Business Statistics (Record no. 13237)

MARC details
000 -LEADER
fixed length control field 00465nam a22001817a 4500
003 - CONTROL NUMBER IDENTIFIER
control field OSt
008 - FIXED-LENGTH DATA ELEMENTS--GENERAL INFORMATION
fixed length control field 250403b |||||||| |||| 00| 0 eng d
020 ## - INTERNATIONAL STANDARD BOOK NUMBER
International Standard Book Number 9789364550758
082 ## - DEWEY DECIMAL CLASSIFICATION NUMBER
Classification number 658.403 KAB
100 ## - MAIN ENTRY--PERSONAL NAME
Personal name KAUR, Gurmeet and SHARMA, Soumya
245 ## - TITLE STATEMENT
Title Business Statistics
250 ## - EDITION STATEMENT
Edition statement Ist. ed.,
260 ## - PUBLICATION, DISTRIBUTION, ETC. (IMPRINT)
Place of publication, distribution, etc New Delhi,
Name of publisher, distributor, etc Taxmann's Publications Pvt. Ltd.
Date of publication, distribution, etc 2025,
300 ## - PHYSICAL DESCRIPTION
Extent 771 p.
650 ## - SUBJECT ADDED ENTRY--TOPICAL TERM
Topical term or geographic name as entry element Commerce
700 ## - ADDED ENTRY--PERSONAL NAME
Personal name SAREEN, Rachan
942 ## - ADDED ENTRY ELEMENTS (KOHA)
Source of classification or shelving scheme Dewey Decimal Classification
Koha item type Reference Books
Holdings
Withdrawn status Lost status Source of classification or shelving scheme Damaged status Not for loan Collection code Home library Current library Date acquired Source of acquisition Currency Cost, normal purchase price Bill Number Total Checkouts Full call number Acc. no. / Barcode Checked out Date last seen Date last borrowed Actual Cost, discounted price Bill Date Koha item type
    Dewey Decimal Classification     B.Com. Hons PIET NCR College Library PIET NCR College Library 28/03/2025 Zafaa Books & Distributers In Rupees 695.00 ZBD0583 1 658.403 KAB N3837 27/07/2026 07/01/2026 07/01/2026 486.50 28/03/2025 Text Books

Design & Developed by: PIET Central Library
R70 Miles Stone Pattikalyana Samalkha Panipat 132102
mail ID :- [email protected], Phone No:- 0180-2569700 Ex.216